000 01744cam a22004337a 4500
003 CHAP
005 20220329133539.0
008 971013s1993 r 00010 d
010 _a7702
011 _a8674
035 _a7904
040 _cCHAP
082 _a338.9
_bM67
100 0 0 _aMorales, Carlos.
_978455
245 0 _aOrganización y producción en el Plan Chontalpa
_b: su situación actual y posibilidades de desarrollo
260 _aChapingo, Méx. :
_bUACH. Centro de Investigaciones Económicas, Sociales y Tecnológicas de la Agroindustria y de la Agricultura Mundial,
_c1993
300 _a166 p.
590 _aBATCH-UPD
_b10
_c20130109
_lUCH01
_h2310
590 _aBATCH-UPD
_b10
_c20130110
_lUCH01
_h0311
590 _aBATCH-UPD
_b10
_c20130110
_lUCH01
_h1532
590 _aBATCH-UPD
_b10
_c20130409
_lUCH01
_h2343
590 _aBATCH-UPD
_b10
_c20130913
_lUCH01
_h2244
590 _aCONVERSION
_b10
_c20130109
_lUCH01
_h1305
650 1 4 _aAgricultura
_xTabasco.
_91830
650 1 4 _aArroz
_xTabasco.
_97661
650 1 4 _aCacao
_xTabasco.
_916973
650 1 4 _aCaña de azúcar
_xTabasco.
_918650
650 1 4 _aGanadería
_zTabasco.
_944869
650 1 4 _aPlan Chontalpa.
_988656
650 1 4 _aTabasco
_xCondiciones rurales.
_9111270
901 _aBK
942 _cLIBRO
949 _a338.9 M67
_bBC
_cLIBRO
_d33724000422556
_eLIBRO
_fc.5
_h87558
_i7904
_si
949 _a338.9 M67
_bBC
_cLIBRO
_d33724000422564
_eLIBRO
_fc.4
_h87557
_i7904
_si
949 _a338.9 M67
_bBC
_cLIBRO
_d33724000422580
_eLIBRO
_fc.2
_h84502
_i7904
_si
949 _a338.9 M67
_bBC
_cLIBRO
_d33724000422598
_eLIBRO
_h84501
_i7904
_si
949 _a338.9 M67
_bBC
_cLIBRO
_d33724000661674
_eLIBRO
_fc.6
_h87559
_i7904
_si
949 _a338.9 M67
_bBC
_cUACH
_d-17884
_eUACH
_fc.3
_h84503
_i7904
_si
999 _c7702
_d7702